Sveitsin kantonien lyhenteet - Statistics

Yleistilastot
  • Tätä visaa on pelattu 15 kertaa
  • Keskiarvotulos 13 / 26
Vastaustilastot
lyhenne koko nimi % Oikein
BE Bern
80%
GE Geneve
80%
LU Luzern
80%
ZG Zug
80%
ZH Zürich
80%
JU Jura
60%
SO Solothurn
60%
TI Ticino / Tessin
60%
VD Vaud
60%
VS Wallis / Valais
60%
AG Aargau
40%
AI Appenzell Innerrhoden
40%
BL Basel-Landschaft
40%
BS Basel-Stadt
40%
FR Fribourg
40%
NE Neuchâtel
40%
NW Nidwalden
40%
OW Obwalden
40%
SZ Schwyz
40%
SG St. Gallen
40%
TG Thurgau
40%
UR Uri
40%
AR Appenzell Ausserrhoden
20%
GL Glarus
20%
GR Graubünden
20%
SH Schaffhausen
20%
Ehtoja vastaavia visoja ei löytynyt
Tulosjakauma
Jokaisen tuloksen saaneiden osuus
Persentiili vastausten määrän mukaan
Tuloshistoriasi
Et ole pelannut tätä visaa